000 00510cam a22001934a 4500
005 20250605163610.0
008 250528s ||||||||||||||||||||||||d
035 _a22503
020 _a9789600325607
040 _aGR-AtMCL
_bgre
_dGR-AtMCL
_eAACR2
245 1 _aΨΥΧΟΛΟΓΙΑ ΤΗΣ ΚΑΘΗΜΕΡΙΝΗΣ ΖΩΗΣ
250 _a3
260 _bΚαστανιώτη,
_c1999
300 _a301
700 1 _aΤσαλικογλου Φωτεινη
942 _cBK
999 _c7555
_d7555